ბათუმის შოთა რუსთაველის სახელმწიფო უნივერსიტეტის ბიბლიოთეკა

ზოგადი ფიზიკის სახელმძვანელო: მექანიკა და მოლეკულური ფიზიკა / (ბიბ.ჩანაწერი № 37669)

000 -ლიდერი
ფიქსირებული სიგრძის საკონტროლო ველი 00983nam a2200229Ia 4500
001 - საკონტროლო ნომერი
საკონტროლო ველი 3641
003 - საკონტროლო ნომრის იდენტიფიკატორი
საკონტროლო ველი GE_BSU
005 - ბოლო ოპერაციის თარიღი და დრო
საკონტროლო ველი 20190521181156.0
008 - ფიქსირებული სიგრძის მონაცემთა ელემენტები - ზოგადი ინფორმაცია
ფიქსირებული სიგრძის საკონტროლო ველი 181216s1960|||| |||||||||||||| ||geo||
040 ## - კატალოგიზაციის წყარო
Transcribing agency GE_BSU
041 ## - ენის კოდი
Language code of text/sound track or separate title geo
080 ## - უნივერსალური ათობითი კლასიფიკაციის ინდექსი
Universal Decimal Classification number 53(075.8) მ–70
100 ## - მთავარი ჩანაწერი - პიროვნების სახელი
Personal name მირცხულავა,ი.ა.
9 (RLIN) 1471
245 ## - ცნობა სათაურის შესახებ
Title ზოგადი ფიზიკის სახელმძვანელო: მექანიკა და მოლეკულური ფიზიკა /
Statement of responsibility, etc ი.ა. მირცხულავა ; რედ : ა. იშხნელი.
250 ## - გამოცემის ცნობა
Edition statement მეორე შევს.და შესწ.გამოც.
264 ## - წარმოების, გამოცემის, დისტრიბუციის და სხვა ცნობები
გამოცემის, წარმოების, დისტრიბუციის... ადგილი თბილისი :
გამოცემის, წარმოების, დისტრიბუციის... სახელწოდება უნ–ტის გამ–ბა,
გამოცემის, წარმოების, დისტრიბუციის... თარიღი 1960.
300 ## - ფიზიკური აღწერა
Extent 582 გვ .:
Dimensions 22 სმ.
653 ## - INDEX TERM--UNCONTROLLED
Uncontrolled term ზოგადი ფიზიკა
653 ## - INDEX TERM--UNCONTROLLED
Uncontrolled term ფიზიკა
700 ## - ADDED ENTRY--PERSONAL NAME
Personal name ა.იშხნელი.
Relator term რედაქტორი
9 (RLIN) 1472
942 ## - ADDED ENTRY ELEMENTS (KOHA)
Koha item type წიგნი
Source of classification or shelving scheme
ეგზემპლარები
ჩამოწერის სტატუსი დაკარგული ეგზემპლარის სტატუსი კლასიფიკაციის წყარო ან თაროზე გაწყობის სქემა დაზიანების სტატუსი არ გაიცემა მუდმივი მდებარეობა (დაცვის ადგილი) ამჟამინდელი ადგილსამყოფელი თაროზე განთავსების ადგილი შეძენის თარიღი ღირებულება, შესყიდვის ნორმალური ფასი სრული შენახვის შიფრი შტრიხკოდი ბოლო ოპერაციის თარიღი ეგზემპლარის მიმდევრობითი ნომერი (კეტერი?) ფასის ძალაში შესვლის თარიღი ეგზემპლარის სახეობა საჯარო შენიშვნა
          ტექნოლოგიური ფაკულტეტის ბიბლიოთეკა ტექნოლოგიური ფაკულტეტის ბიბლიოთეკა წიგნსაცავი 2018-12-17 16.00 53(075.8) მ–70 8838 2018-12-17 8838 2018-12-17 წიგნი 16 ლ.
          ტექნოლოგიური ფაკულტეტის ბიბლიოთეკა ტექნოლოგიური ფაკულტეტის ბიბლიოთეკა წიგნსაცავი 2018-12-17 16.00 53(075.8) მ–70 8839 2018-12-17 8839 2018-12-17 წიგნი 16 ლ.
          ტექნოლოგიური ფაკულტეტის ბიბლიოთეკა ტექნოლოგიური ფაკულტეტის ბიბლიოთეკა წიგნსაცავი 2018-12-17 16.00 53(075.8) მ–70 8840 2018-12-17 8840 2018-12-17 წიგნი 16 ლ.